书目信息 |
| 题名: |
英语难句全攻略
|
|
| 作者: | 张满胜 , 夏徛荣 主编 | |
| 分册: | ||
| 出版信息: | 北京 新华出版社 2007.05 |
|
| 页数: | 286页 | |
| 开本: | 26cm | |
| 丛书名: | 金榜考研英语系列 | |
| 单 册: | ||
| 中图分类: | H314.3 | |
| 科图分类: | ||
| 主题词: | 英语--ying yu--句法--研究生--入学考试--升学参考资料 | |
| 电子资源: | ||
| ISBN: | 978-7-5011-7935-0 | |
| 000 | 00994nam 2200265 450 | |
| 001 | 012008631814 | |
| 005 | 20080806183244.00 | |
| 010 | @a978-7-5011-7935-0@dCNY28.00 | |
| 100 | @a20080806d2007 em y0chiy0120 ea | |
| 101 | 0 | @achi@aeng |
| 102 | @aCN@b110000 | |
| 105 | @ay z 000yy | |
| 106 | @ar | |
| 200 | 1 | @a英语难句全攻略@Aying yu nan ju quan gong lue@f张满胜, 夏徛荣主编@Fzhang man sheng,xia ji rong zhu bian |
| 210 | @a北京@c新华出版社@d2007.05 | |
| 215 | @a286页@d26cm | |
| 225 | 2 | @a金榜考研英语系列@Ajin bang kao yan ying yu xi lie |
| 330 | @a本书中的例句主要取材于1991~2007年17年的考研真题,书中分析的例句几乎涵盖了历年考研英语中的所有难句。还有部分例句来自四级、托福等权威标准化考试。 | |
| 410 | 0 | @12001 @a金榜考研英语系列 |
| 606 | 0 | @a英语@Aying yu@x句法@x研究生@x入学考试@j升学参考资料 |
| 690 | @aH314.3@v4 | |
| 701 | 0 | @a张满胜@Azhang man sheng@4主编 |
| 701 | 0 | @a夏徛荣@Axia ji rong@4主编 |
| 801 | 0 | @aCN@bQSSK@c20080806 |
| 905 | @b731689-91@dH314.3@eZ146@f3 | |
| 英语难句全攻略/张满胜, 夏徛荣主编.-北京:新华出版社,2007.05 |
| 286页;26cm.-(金榜考研英语系列) |
| ISBN 978-7-5011-7935-0:CNY28.00 |
| 本书中的例句主要取材于1991~2007年17年的考研真题,书中分析的例句几乎涵盖了历年考研英语中的所有难句。还有部分例句来自四级、托福等权威标准化考试。 |
| ● |
| 相关链接 |
|
|
|
正题名:英语难句全攻略
索取号:H314.3/Z146
 
预约/预借
| 序号 | 登录号 | 条形码 | 馆藏地/架位号 | 状态 | 备注 |
| 1 | 731689 | 207316894 | 语言库209/209语言库 36排4列6层/ [索取号:H314.3/Z146] | 在馆 | |
| 2 | 731690 | 207316901 | 语言库209/209语言库 36排4列6层/ [索取号:H314.3/Z146] | 在馆 | |
| 3 | 731691 | 207316910 | 语言库209/209语言库 36排4列6层/ [索取号:H314.3/Z146] | 在馆 |